007790000a22002050004500090001400000245008400014650003300098650003000131650003900161650001900200650002000219651002100239041001300260700002400273100002600297942001300323773004000336999001700376952018000393 aARb0166910aComparison of methods for sampling ants () in savannas14aTécnicas de muestreo9582614aRiqueza de especies9332614aDistribución geográfica99299714aSabanas93314214aHormigas992499 4pVenezuela9927490 aInglés1 aJaffe, Klaus9950891 aRomero, Hernan995090 cARTICULO1 tBiotropica39h4q348-352d1989g21 c10749d10749 001040718HEMEROTECAaBogotabBogotad2015-02-27eMuñoz Saba, YanethhFuera de circulaciónl0oAR 01669p012034r2015-03-25 00:00:00t1w2015-03-25xDonaciónyARTICULO